Cơ sở kĩ thuật đo trong chế tạo máy

Đã lưu trong:
書目詳細資料
主要作者: Hồ Đắc Thọ
格式: 圖書
語言:Undetermined
出版: Hà Nội KHKT 1984
主題:
標簽: 添加標簽
沒有標簽, 成為第一個標記此記錄!
Thư viện lưu trữ: Trung tâm Học liệu Trường Đại học Cần Thơ
LEADER 00561nam a2200181Ia 4500
001 CTU_15795
008 210402s9999 xx 000 0 und d
082 |a 621.8 
082 |b Th400 
100 |a Hồ Đắc Thọ 
245 0 |a Cơ sở kĩ thuật đo trong chế tạo máy 
245 0 |c Hồ Đắc Thọ, Nguyễn Thị Xuân Bảy 
260 |a Hà Nội 
260 |b KHKT 
260 |c 1984 
650 |a machine design 
904 |i Nguyễn Quang Điền, 970505 
980 |a Trung tâm Học liệu Trường Đại học Cần Thơ